[Event "Bunratty Masters op 24th"]
[Site "Bunratty"]
[Date "2017.02.18"]
[Round "3"]
[White "Delaney, Killian"]
[Black "Schenning, Albert AM"]
[Result "1-0"]
[WhiteElo "2203"]
[BlackElo "2010"]
[PlyCount "81"]
[EventDate "2017.02.17"]
[EventType "swiss"]
[EventRounds "6"]
[EventCountry "IRL"]
[SourceTitle "EXT 2018"]
[Source "ChessBase"]
[SourceDate "2017.10.13"]
[SourceVersion "1"]
[SourceVersionDate "2017.10.13"]
[SourceQuality "1"]

1. e4 c5 2. c3 Nf6 3. e5 Nd5 4. Bc4 Nb6 5. Bb3 d5 6. exd6 Qxd6 7. Na3 a6 8. Nf3 g6 9. d4 cxd4 10. 0-0 Bg7 11. Nxd4 0-0 12. Be3 Nd5 13. Qf3 Nxe3 14. fxe3 Bf6 15. Rad1 Qc7 16. e4 Nc6 17. Nc4 Na5 18. Nxa5 Qxa5 19. Kh1 Qg5 20. h3 Kg7 21. Qe2 Be5 22. Nf3 Qh5 23. Rd5 Bg4 24. Kg1 Bxf3 25. Qxf3 Qxf3 26. Rxf3 Bf6 27. e5 Bg5 28. Rd7 Rab8 29. g3 Bc1 30. Rxe7 Bxb2 31. Rfxf7+ Rxf7 32. Rxf7+ Kh6 33. Rc7 Re8 34. e6 b5 35. Kf2 Ba3 36. Kf3 b4 37. Rc6 bxc3 38. Rxa6 Bb2 39. Rc6 Kg5 40. Rc7 Kf5 41. Ba4 1-0

[Event "Bunratty Masters op 24th"]
[Site "Bunratty"]
[Date "2017.02.18"]
[Round "2"]
[White "Schenning, Albert AM"]
[Black "Moran, Stephen"]
[Result "1-0"]
[WhiteElo "2010"]
[BlackElo "2119"]
[PlyCount "85"]
[EventDate "2017.02.17"]
[EventType "swiss"]
[EventRounds "6"]
[EventCountry "IRL"]
[SourceTitle "EXT 2018"]
[Source "ChessBase"]
[SourceDate "2017.10.13"]
[SourceVersion "1"]
[SourceVersionDate "2017.10.13"]
[SourceQuality "1"]

1. e4 e6 2. c4 c5 3. Nc3 Nc6 4. Nf3 Nd4 5. d3 Ne7 6. Be2 Nec6 7. 0-0 Be7 8. Be3 0-0 9. Rb1 f5 10. Qd2 b6 11. exf5 Rxf5 12. Bxd4 cxd4 13. Ne4 a5 14. a3 a4 15. Ng3 Rf8 16. Qc2 Bc5 17. Rfe1 Bb7 18. Bf1 Ne7 19. Nd2 Ng6 20. Nge4 Bc6 21. g3 Qc7 22. Bg2 Be7 23. Re2 d5 24. cxd5 exd5 25. Rc1 dxe4 26. Qxc6 Qxc6 27. Rxc6 exd3 28. Bd5+ Kh8 29. Re4 Bf6 30. Rxf6 gxf6 31. Bxa8 Rxa8 32. Rxd4 Rc8 33. Ne4 Rc2 34. Rxd3 Rxb2 35. Nxf6 Kg7 36. Ne4 Ne5 37. Rd5 Nc4 38. Rd7+ Kg6 39. g4 Nxa3 40. h4 Nc4 41. f4 h5 42. f5+ Kh6 43. g5# 1-0

[Event "RA-2014-0-00355"]
[Site "LSS email"]
[Date "2014.10.18"]
[Round "?"]
[White "Corti, Horacio"]
[Black "Schenning, Albert AM"]
[Result "1-0"]
[WhiteElo "2129"]
[BlackElo "2007"]
[PlyCount "91"]
[EventDate "2014.09.29"]
[EventType "tourn (corr)"]
[EventRounds "6"]
[EventCountry "GER"]
[SourceTitle "Corr 2015"]
[Source "ChessBase"]
[SourceDate "2015.07.17"]
[SourceVersion "1"]
[SourceVersionDate "2015.07.17"]
[SourceQuality "1"]

1. e4 c5 2. Nf3 d6 3. d4 cxd4 4. Nxd4 Nf6 5. Nc3 g6 6. Be3 Bg7 7. f3 Nc6 8. Qd2 Bd7 9. g4 Rc8 10. 0-0-0 0-0 11. Be2 Ne5 12. h4 h5 13. gxh5 Nxh5 14. Rhg1 Nc4 15. Bxc4 Rxc4 16. Kb1 Kh7 17. Qd3 b5 18. Ncxb5 Rc5 19. Nc3 Qb8 20. Rg5 Rfc8 21. Rxc5 Rxc5 22. Nde2 Rc7 23. Bd4 Bh6 24. b3 Qb7 25. Be3 Bg7 26. Nd5 Bb5 27. Qd2 Bxe2 28. Qxe2 Rc6 29. Qd2 e6 30. Nf4 Qb5 31. Ne2 Rc7 32. Qd3 Qe5 33. Bd4 Qh2 34. Bxg7 Nxg7 35. f4 Qf2 36. c4 Rb7 37. Nc3 Qxf4 38. Qxd6 Qxh4 39. Qd4 Ne8 40. c5 Nf6 41. Rc1 Rd7 42. Qe5 Ne8 43. Rc2 Qe1+ 44. Kb2 Rd2 45. Qf4 Rxc2+ 46. Kxc2 1-0

[Event "RA-2014-0-00355"]
[Site "LSS email"]
[Date "2014.10.17"]
[Round "?"]
[White "Cimicki, Dariusz"]
[Black "Schenning, Albert AM"]
[Result "1-0"]
[WhiteElo "2126"]
[BlackElo "2007"]
[PlyCount "45"]
[EventDate "2014.09.29"]
[EventType "tourn (corr)"]
[EventRounds "6"]
[EventCountry "GER"]
[SourceTitle "Corr 2015"]
[Source "ChessBase"]
[SourceDate "2015.07.17"]
[SourceVersion "1"]
[SourceVersionDate "2015.07.17"]
[SourceQuality "1"]

1. e4 c5 2. Nf3 d6 3. d4 cxd4 4. Nxd4 Nf6 5. Nc3 g6 6. Be3 Bg7 7. f3 Nc6 8. Qd2 Bd7 9. 0-0-0 Rc8 10. g4 0-0 11. h4 Ne5 12. h5 Nxf3 13. Nxf3 Bxg4 14. h6 Bxf3 15. hxg7 Re8 16. Bb5 Nxe4 17. Nxe4 Bxe4 18. Ba4 b5 19. Bb3 d5 20. Rh4 e6 21. Qh2 Qc7 22. Bf4 e5 23. Bg5 1-0

[Event "RA-2014-0-00355"]
[Site "LSS email"]
[Date "2014.10.17"]
[Round "?"]
[White "Schenning, Albert AM"]
[Black "Keevil, Paul"]
[Result "1/2-1/2"]
[WhiteElo "2007"]
[BlackElo "2083"]
[PlyCount "83"]
[EventDate "2014.09.29"]
[EventType "tourn (corr)"]
[EventRounds "6"]
[EventCountry "GER"]
[SourceTitle "Corr 2015"]
[Source "ChessBase"]
[SourceDate "2015.07.17"]
[SourceVersion "1"]
[SourceVersionDate "2015.07.17"]
[SourceQuality "1"]

1. e4 c5 2. Nf3 d6 3. d4 cxd4 4. Nxd4 Nf6 5. Nc3 g6 6. Be3 Bg7 7. f3 0-0 8. Qd2 Nc6 9. Bc4 Bd7 10. h4 h5 11. 0-0-0 Rc8 12. Bb3 Ne5 13. Bg5 Rc5 14. Kb1 Re8 15. Bh6 b5 16. g4 hxg4 17. h5 Nxh5 18. Rxh5 Nc4 19. Bxc4 Rxh5 20. Bxg7 bxc4 21. Bh6 gxf3 22. Be3 Qa5 23. Qf2 Rb8 24. Nd5 Rxd5 25. exd5 Qxd5 26. Rg1 a5 27. Qh4 a4 28. Qxe7 Qe5 29. Qxe5 dxe5 30. Nxf3 c3 31. b3 axb3 32. cxb3 Bf5+ 33. Ka1 f6 34. Nh4 Be4 35. Nxg6 Kf7 36. Nh4 f5 37. Rc1 f4 38. Rxc3 fxe3 39. Rxe3 Bd5 40. Rxe5 Bxb3 41. axb3 Rxb3 42. Rf5+ 1/2-1/2

[Event "WC-2018-P-00021"]
[Site "LSS email"]
[Date "2014.02.03"]
[Round "?"]
[White "Hammerschmidt, Volker"]
[Black "Schenning, Albert AM"]
[Result "1/2-1/2"]
[WhiteElo "1910"]
[BlackElo "2011"]
[PlyCount "40"]
[EventDate "2014.02.10"]
[EventType "tourn (corr)"]
[EventRounds "10"]
[EventCountry "GER"]
[SourceTitle "Corr 2015"]
[Source "ChessBase"]
[SourceDate "2015.07.17"]
[SourceVersion "1"]
[SourceVersionDate "2015.07.17"]
[SourceQuality "1"]

1. d4 Nf6 2. Bg5 Ne4 3. Bf4 c5 4. f3 Qa5+ 5. c3 Nf6 6. Nd2 cxd4 7. Nb3 Qb6 8. Qxd4 Nc6 9. Qxb6 axb6 10. Nd4 e5 11. Nxc6 exf4 12. Nd4 Nd5 13. e4 fxe3 14. Nb5 Kd8 15. Nh3 Nf6 16. Ng5 Ke7 17. 0-0-0 h6 18. Ne4 Nxe4 19. fxe4 Rxa2 20. Kb1 Ra8 1/2-1/2

[Event "WC-2018-P-00021"]
[Site "LSS email"]
[Date "2014.02.03"]
[Round "?"]
[White "Schenning, Albert AM"]
[Black "Jovanovic, Bratislav"]
[Result "1/2-1/2"]
[WhiteElo "2011"]
[BlackElo "2123"]
[PlyCount "65"]
[EventDate "2014.02.10"]
[EventType "tourn (corr)"]
[EventRounds "10"]
[EventCountry "GER"]
[SourceTitle "Corr 2015"]
[Source "ChessBase"]
[SourceDate "2015.07.17"]
[SourceVersion "1"]
[SourceVersionDate "2015.07.17"]
[SourceQuality "1"]

1. e4 e6 2. d4 d5 3. Nc3 Bb4 4. e5 c5 5. a3 Bxc3+ 6. bxc3 Ne7 7. Qg4 0-0 8. Bd3 Nbc6 9. Nf3 Ng6 10. 0-0 c4 11. Bxg6 fxg6 12. Bd2 Qe8 13. a4 b6 14. Bc1 Qf7 15. Ng5 Qf5 16. Qe2 Rd8 17. f4 h6 18. Nf3 Qf7 19. Nh4 Ne7 20. Ba3 Nf5 21. Nf3 Bd7 22. Rfb1 Bc6 23. Qf2 Rab8 24. g4 Ne7 25. Nh4 Kh7 26. Bd6 Rb7 27. a5 bxa5 28. Rxb7 Bxb7 29. Rxa5 Nc6 30. Rb5 Bc8 31. Kg2 Bd7 32. Rb7 a5 33. Qf1 1/2-1/2

[Event "SA-2013-0-00387"]
[Site "LSS email"]
[Date "2014.01.04"]
[Round "?"]
[White "Jovanovic, Bratislav"]
[Black "Schenning, Albert AM"]
[Result "1/2-1/2"]
[WhiteElo "2072"]
[BlackElo "2013"]
[PlyCount "44"]
[EventDate "2013.12.14"]
[EventType "tourn (corr)"]
[EventRounds "6"]
[EventCountry "GER"]
[SourceTitle "Telechess CBM 167"]
[Source "ChessBase"]
[SourceDate "2015.07.13"]
[SourceVersion "1"]
[SourceVersionDate "2015.07.13"]
[SourceQuality "1"]

1. e4 e6 2. d4 d5 3. Nd2 h6 4. Bd3 c5 5. exd5 exd5 6. Qe2+ Be7 7. dxc5 Nf6 8. Ngf3 0-0 9. Nb3 Nbd7 10. Be3 Re8 11. Bb5 a6 12. Ba4 Ne4 13. 0-0-0 Nexc5 14. Nxc5 Bxc5 15. Rxd5 b5 16. Bb3 Bxe3+ 17. fxe3 Qc7 18. Rhd1 Nc5 19. R5d4 Nxb3+ 20. axb3 Bf5 21. e4 Qe7 22. Re1 Bg6 1/2-1/2

[Event "SA-2013-0-00387"]
[Site "LSS email"]
[Date "2014.01.04"]
[Round "?"]
[White "Tsiotridis, Panagiotis"]
[Black "Schenning, Albert AM"]
[Result "1/2-1/2"]
[WhiteElo "2045"]
[BlackElo "2013"]
[PlyCount "36"]
[EventDate "2013.12.14"]
[EventType "tourn (corr)"]
[EventRounds "6"]
[EventCountry "GER"]
[SourceTitle "Telechess CBM 167"]
[Source "ChessBase"]
[SourceDate "2015.07.13"]
[SourceVersion "1"]
[SourceVersionDate "2015.07.13"]
[SourceQuality "1"]

1. Nf3 d5 2. c4 e6 3. g3 c6 4. Bg2 Nf6 5. 0-0 Be7 6. d4 0-0 7. Qc2 Nbd7 8. Nbd2 b6 9. e4 Bb7 10. Re1 c5 11. exd5 exd5 12. b3 dxc4 13. Qxc4 Rc8 14. Ba3 Bd5 15. Qf1 Re8 16. Bb2 Qc7 17. Nc4 cxd4 18. Nxd4 Bxc4 1/2-1/2

[Event "SA-2013-0-00385"]
[Site "LSS email"]
[Date "2013.12.31"]
[Round "?"]
[White "Schenning, Albert AM"]
[Black "Malewicz, Frank"]
[Result "1/2-1/2"]
[WhiteElo "2039"]
[BlackElo "2096"]
[PlyCount "35"]
[EventDate "2013.12.02"]
[EventType "tourn (corr)"]
[EventRounds "6"]
[EventCountry "GER"]
[SourceTitle "Telechess CBM 167"]
[Source "ChessBase"]
[SourceDate "2015.07.13"]
[SourceVersion "1"]
[SourceVersionDate "2015.07.13"]
[SourceQuality "1"]

1. e4 e5 2. Nf3 Nc6 3. d4 exd4 4. Bc4 Nf6 5. 0-0 Nxe4 6. Re1 d5 7. Bxd5 Qxd5 8. Nc3 Qh5 9. Nxe4 Be6 10. Bg5 Bd6 11. Nxd6+ cxd6 12. Bf4 Qd5 13. c3 Qf5 14. cxd4 Qxf4 15. d5 0-0 16. dxe6 fxe6 17. Rxe6 Ne5 18. Rxd6 1/2-1/2

[Event "RA-2013-0-00306"]
[Site "LSS email"]
[Date "2013.12.29"]
[Round "?"]
[White "Latib, Yunus"]
[Black "Schenning, Albert AM"]
[Result "1-0"]
[WhiteElo "1986"]
[BlackElo "2051"]
[PlyCount "97"]
[EventDate "2013.12.06"]
[EventType "tourn (corr)"]
[EventRounds "6"]
[EventCountry "GER"]
[SourceTitle "Telechess CBM 167"]
[Source "ChessBase"]
[SourceDate "2015.07.13"]
[SourceVersion "1"]
[SourceVersionDate "2015.07.13"]
[SourceQuality "1"]

1. d4 Nf6 2. c4 g6 3. Nf3 Bg7 4. Nc3 0-0 5. e4 d6 6. Be2 e5 7. 0-0 Nc6 8. d5 Ne7 9. Bd2 Nh5 10. h3 a6 11. a3 f5 12. Re1 Nf6 13. exf5 Nxf5 14. Bf1 Nd4 15. Bg5 h6 16. Be3 Nxf3+ 17. Qxf3 Ng4 18. Qe2 Nxe3 19. Qxe3 Kh7 20. Bd3 Bf5 21. Ne4 b6 22. Rad1 Rf7 23. Re2 Qh4 24. b4 Bf8 25. f3 Qf4 26. Qxf4 exf4 27. Nf2 Bd7 28. h4 Kg7 29. Rde1 Rc8 30. Re4 Kg8 31. Nh3 Bf5 32. Nxf4 Bxe4 33. Rxe4 Re7 34. Ne6 h5 35. Rf4 Rf7 36. Bxg6 Rxf4 37. Nxf4 Bh6 38. Nxh5 Be3+ 39. Kh2 a5 40. bxa5 bxa5 41. Bf5 Rb8 42. Bd7 Bf2 43. Kh3 Rb1 44. Ng3 Bxg3 45. Kxg3 Rb2 46. a4 Kg7 47. Bb5 Kg6 48. f4 Kh6 49. Kf3 1-0

[Event "RA-2013-0-00306"]
[Site "LSS email"]
[Date "2013.12.29"]
[Round "?"]
[White "Schenning, Albert AM"]
[Black "Husemann, Andreas"]
[Result "1/2-1/2"]
[WhiteElo "2051"]
[BlackElo "2072"]
[PlyCount "57"]
[EventDate "2013.12.06"]
[EventType "tourn (corr)"]
[EventRounds "6"]
[EventCountry "GER"]
[SourceTitle "Telechess CBM 167"]
[Source "ChessBase"]
[SourceDate "2015.07.13"]
[SourceVersion "1"]
[SourceVersionDate "2015.07.13"]
[SourceQuality "1"]

1. e4 c5 2. Nf3 Nc6 3. d4 cxd4 4. Nxd4 Nf6 5. Nc3 e5 6. Ndb5 d6 7. Nd5 Nxd5 8. exd5 Nb8 9. c4 Be7 10. Bd3 0-0 11. 0-0 a6 12. Nc3 f5 13. f3 Nd7 14. Be3 Bg5 15. Bf2 Qf6 16. Qb1 b6 17. a3 Nc5 18. Bc2 Bd2 19. Ne2 a5 20. Qd1 Qh6 21. f4 Bxf4 22. Nxf4 exf4 23. b3 Bd7 24. Qf3 Ne4 25. Bxb6 Rfb8 26. c5 dxc5 27. Bc7 Re8 28. Qxf4 Qf6 29. Bxe4 1/2-1/2